00346nam a2200133Ia 4500008004100000020001500041041001200056082001600068100001700084245005900101260003600160300000900196650000700205221030s9999 xx 000 0 und d a8178084341 aEnglish a105.23bNor aR. L. Norton 0aMachine Design An Integrated Approachcby R. L. Norton bAddison WesleyaNew Delhic2001 a1078 aEE